Word Perfect guía del usuario

Bibliographic Details
Main Author: Al, Kelley
Format: Section = Libro
Language:Undetermined
Spanish
Published: Miami Macrobit 1989
Subjects:
LEADER 00482nam a2200181Ia 4500
008 240829s9999 xx 000 0 und d
020 |a 0-939573-05-9 
040 |a BIBLIOTECA-RUPAP 001.6424 K29 
041 |a spa 
082 |a 001.6424 K29 
100 1 |a Al, Kelley 
245 1 0 |a Word Perfect guía del usuario 
260 |a Miami  |b Macrobit  |c 1989 
300 |a p. irreg. :il. 
650 7 |a LENGUAJE DE PROGRAMACION Y CODIFICACION. I. Tít. 
942 |c BK  |2 ddc 
991 |a TEXTO 
999 |c 7025